000 00233nam a2200097Ia 4500
008 230508s2001 xx 000 0 und d
041 _aeng
100 _aGOYAL & ARORA
245 _aHOTEL MAINTENANCE 2ND ED
260 _bSTAND PUB
_c2001
999 _c708829
_d708829